La tragedia griega

保存先:
書誌詳細
第一著者: Lesky, Albin (著者)
フォーマット: 図書
言語:スペイン語
出版事項: Barcelona Labor 1973
版:4a. ed
シリーズ:Nueva colección labor, 17
主題:
タグ: タグ追加
タグなし, このレコードへの初めてのタグを付けませんか!

MARC

LEADER 00000nam a2200000 a 4500
001 UCX4486
003 CL-VaPUC
008 920520e19730000SP |||||||||||||||||spa|d
082 0 4 |a 882.09  |b LES  |2 21 
100 |a Lesky, Albin  |e author  |9 478321 
245 1 3 |a La tragedia griega 
250 |a 4a. ed 
300 |a 263 p 
942 |c BK 
945 |d 19920520 00:00:00 
260 |a Barcelona  |b Labor  |c 1973 
650 0 |a Tragedia griega  |9 265362 
650 0 |a Historia y crítica   |9 257407 
583 |a last modification  |c 20140409 11:49:32  |k Rodrigo Vera 
490 0 |a Nueva colección labor, 17 
999 |c 224932  |d 224930 
952 |0 0  |1 0  |4 0  |6 882_090000000000000_LES_1973  |7 0  |8 A  |9 222026  |a BIBEDU  |b BIBEDU  |d 2019-11-15  |i 2908697  |l 2  |o 882.09 LES 1973  |p 2908697  |r 2024-05-06  |s 2024-04-29  |w 2019-11-15  |y BK  |k LIT 
952 |0 0  |1 0  |4 0  |6 882_090000000000000_LES_1973  |7 0  |8 A  |9 222027  |a BIBEDU  |b BIBEDU  |d 2019-11-15  |i 2908700  |l 4  |o 882.09 LES 1973  |p 2908700  |r 2023-05-10  |s 2023-04-28  |w 2019-11-15  |y BK  |k LIT